000 00463nam a2200181Ia 4500
008 100917s9999 xx 000 0 und d
082 _b47330
100 _aPamela Brown
245 _aThe Swish Of The Cuartain
260 _bBrockhampton
_c1971
300 _a223
365 _b0
520 _aबालविभाग
630 _aThe Swish Of The Cuartain
650 _aबालविभाग
730 _aThe Swish Of The Cuartain
942 _cBOOK
999 _c652724
_d652721